| 000 | 00508nam a2200157 i 4500 | ||
|---|---|---|---|
| 001 | 24379 | ||
| 003 | ES-MaACL | ||
| 005 | 20230906153035.0 | ||
| 007 | t| | ||
| 008 | 021217s1969 sp ||||1| spa d | ||
| 100 | 1 |
_aAnasagasti, Pedro de. _921374 |
|
| 245 | 1 | 3 |
_aLa verdad, objetivo primario del periodista _b: (esbozo de una ética periodística) / _cPedro de Anasagasti. |
| 260 |
_a[Bilbao : _bs.n., _c1969] ( _fGráf. Ellacuria) |
||
| 300 |
_aXVI, 245 p. ; _c24 cm. |
||
| 852 |
_aES-MaACL _jC-37396 _bR.71547 |
||
| 999 |
_c24379 _d24379 |
||